01170nam a2200193Ia 4500001001000000003001000010008004100020040002500061041001300086100001200099245006600111250001100177260008500188300002900273500026200302501011400564520026200678650003600940L200-2565IT-CnALBA170116s9999||||xx |||||||||||||| ||und|| aIT-CnALBAcIT-CnALBA aITALIANO aAA. VV. 0aI TEOLOGI DEL DIO VIVO. LA TRATTAZIONE TEOLOGICA DI DIO OGGI  a1a ed. a MILANO BOLOGNAbANCORA EDITRICE c1968 [1° Ed.:1968 - Ed.Ling.Originale: 1968] a468 p. (prefazione: 916) aINTRODUZIONE. CURATORE MARRANZINI ALFREDO. COLLABORATORI: FLORIT, FESTORAZZI, COLOMBO, CANTALAMESSA, MASI, GHERARDINI, LANNE, FABRO, SARTORI, VAGAGGINI, GARRONE. RELAZIONE DEL II CONGRESSO NAZIONALE DI FIRENZE DEL 1968. ATTUALITÀ DEL PROBLEMA DI DIO. TRAT aSocietà San Paolo EM - Piazza San Paolo, 14 - 12051 ALBA (CN) (non commercial uses only) ® Copyright 2017 aINTRODUZIONE. CURATORE MARRANZINI ALFREDO. COLLABORATORI: FLORIT, FESTORAZZI, COLOMBO, CANTALAMESSA, MASI, GHERARDINI, LANNE, FABRO, SARTORI, VAGAGGINI, GARRONE. RELAZIONE DEL II CONGRESSO NAZIONALE DI FIRENZE DEL 1968. ATTUALITÀ DEL PROBLEMA DI DIO. TRAT aRELIGIONE - RELIGIONE CRISTIANA